[Event "Belgrade-chT2 Quality"]
[Site "Belgrade"]
[Date "2022.11.13"]
[Round "11.5"]
[White "Savkic, Igor"]
[Black "Dimitrijevic, Paul"]
[Result "0-1"]
[WhiteElo "1964"]
[BlackElo "1952"]
[PlyCount "100"]
[EventDate "2022.10.15"]
[EventType "team-tourn"]
[EventRounds "13"]
[EventCountry "SRB"]
[SourceTitle "EXT 2024"]
[Source "ChessBase"]
[SourceDate "2023.10.10"]
[SourceVersion "1"]
[SourceVersionDate "2023.10.10"]
[SourceQuality "1"]
[WhiteTeam "Belgrade BASK"]
[BlackTeam "Novi Belgrade Technicka"]
[WhiteTeamCountry "SRB"]
[BlackTeamCountry "SRB"]

1. e4 c5 2. Nc3 Nc6 3. g3 d6 4. Bg2 g6 5. Nge2 Bg7 6. d3 Nf6 7. Nd5 0-0 8. 0-0 e6 9. Nxf6+ Bxf6 10. Bh6 Bxb2 11. Bxf8 Bxa1 12. Bxd6 Qxd6 13. Qxa1 Bd7 14. f4 e5 15. f5 f6 16. Qc1 g5 17. Nc3 Qd4+ 18. Kh1 Qxc3 19. h4 h6 20. Qd1 Kg7 21. Qa1 Qxa1 22. Rxa1 g4 23. Kg1 h5 24. Kf2 Kf7 25. Ke3 b5 26. c3 a5 27. a3 Ke7 28. Bf1 Ra7 29. Rb1 b4 30. Kd2 Be8 31. Be2 Bf7 32. Bd1 bxa3 33. Ba4 a2 34. Ra1 Nb4 35. Bb5 Rb7 36. Bc4 Bxc4 37. dxc4 Rd7+ 38. Ke2 Rd3 39. cxb4 Rxg3 40. b5 Kd6 41. Kd2 Kc7 42. Kc2 Rg2+ 43. Kb3 Rd2 44. Kc3 Re2 45. Kb3 g3 46. Ka4 Kb6 47. Rd1 g2 48. Rd6+ Kc7 49. Rd1 Rb2 50. Ra1 Rb1 0-1

[Event "Belgrade-chT2 Quality"]
[Site "Belgrade"]
[Date "2022.11.05"]
[Round "8.6"]
[White "Savkic, Igor"]
[Black "Skaric, Savo"]
[Result "0-1"]
[WhiteElo "1964"]
[BlackElo "1996"]
[PlyCount "55"]
[EventDate "2022.10.15"]
[EventType "team-tourn"]
[EventRounds "13"]
[EventCountry "SRB"]
[SourceTitle "EXT 2024"]
[Source "ChessBase"]
[SourceDate "2023.10.10"]
[SourceVersion "1"]
[SourceVersionDate "2023.10.10"]
[SourceQuality "1"]
[WhiteTeam "Belgrade BASK"]
[BlackTeam "Batajnica"]
[WhiteTeamCountry "SRB"]
[BlackTeamCountry "SRB"]

1. e4 g6 2. d4 Bg7 3. Nf3 d6 4. c4 Nd7 5. Nc3 c5 6. Be3 b6 7. Bd3 Ngf6 8. h3 0-0 9. Qd2 cxd4 10. Bxd4 Nc5 11. Bc2 Bb7 12. Qe2 Ne6 13. Be3 Nh5 14. 0-0 Rc8 15. Nd2 Bxc3 16. b4 Qc7 17. g4 Nhf4 18. Qf3 Ng5 19. Qd1 Ngxh3+ 20. Kh1 e5 21. Kh2 Qe7 22. Kg3 Ng5 23. a4 Ba6 24. Bb3 Rc7 25. f3 h5 26. a5 b5 27. cxb5 Bxb5 28. Bc4 0-1

[Event "Belgrade-chT2 Quality"]
[Site "Belgrade"]
[Date "2022.10.22"]
[Round "3.6"]
[White "Savkic, Igor"]
[Black "Radovanovic, Srecko"]
[Result "1-0"]
[WhiteElo "1964"]
[BlackElo "1949"]
[PlyCount "87"]
[EventDate "2022.10.15"]
[EventType "team-tourn"]
[EventRounds "13"]
[EventCountry "SRB"]
[SourceTitle "EXT 2024"]
[Source "ChessBase"]
[SourceDate "2023.10.10"]
[SourceVersion "1"]
[SourceVersionDate "2023.10.10"]
[SourceQuality "1"]
[WhiteTeam "Belgrade BASK"]
[BlackTeam "Lazarevac Kolubara"]
[WhiteTeamCountry "SRB"]
[BlackTeamCountry "SRB"]

1. e4 c5 2. Nc3 e6 3. Nf3 a6 4. d4 cxd4 5. Qxd4 Nc6 6. Qa4 Bc5 7. Be2 d6 8. 0-0 Bd7 9. Qc4 b5 10. Qd3 Nf6 11. a3 b4 12. axb4 Nxb4 13. Qd1 0-0 14. Bg5 Qc7 15. Qd2 Kh8 16. Qf4 Ng8 17. e5 d5 18. Qd2 Bc6 19. Na4 Bxa4 20. Rxa4 a5 21. c3 Nc6 22. Bf4 Nce7 23. Rfa1 Ng6 24. Bg3 Bb6 25. h4 N8e7 26. b4 Nf5 27. Bh2 Rac8 28. bxa5 Ba7 29. Ba6 Rb8 30. Bd3 Nge7 31. g4 Nh6 32. Ng5 Nxg4 33. Rxg4 h6 34. Nh7 Rbc8 35. c4 Nf5 36. cxd5 Kxh7 37. dxe6 fxe6 38. Rf4 g6 39. h5 Qxe5 40. hxg6+ Kg7 41. Re1 Qf6 42. Bxf5 exf5 43. Qd7+ Kg8 44. Qxa7 1-0

[Event "Belgrade-chT Quality"]
[Site "Belgrade"]
[Date "2021.10.29"]
[Round "5.4"]
[White "Jovanovic, Dejan R"]
[Black "Savkic, Igor"]
[Result "1-0"]
[WhiteElo "1951"]
[BlackElo "1989"]
[PlyCount "129"]
[EventDate "2021.10.16"]
[EventType "team-tourn"]
[EventRounds "11"]
[EventCountry "SRB"]
[SourceTitle "EXT 2023"]
[Source "ChessBase"]
[SourceDate "2022.10.05"]
[SourceVersion "1"]
[SourceVersionDate "2022.10.05"]
[SourceQuality "1"]
[WhiteTeam "Belgrade Obrenovac"]
[BlackTeam "Belgrade Bask"]
[WhiteTeamCountry "SRB"]
[BlackTeamCountry "SRB"]

1. d4 d5 2. Nf3 Nf6 3. Bf4 e6 4. e3 Bd6 5. Bxd6 Qxd6 6. Nbd2 0-0 7. Be2 c5 8. 0-0 Nc6 9. c3 cxd4 10. cxd4 e5 11. dxe5 Nxe5 12. Qb3 b6 13. Nxe5 Qxe5 14. Nf3 Qh5 15. Rfd1 Be6 16. Qa4 Ne4 17. Rac1 h6 18. Qa6 Nc5 19. Qb5 Rac8 20. Nd4 Qe5 21. Bf3 Bd7 22. Qe2 Ne6 23. Rxc8 Rxc8 24. Nb5 Rc5 25. Nc3 Bc6 26. Qd2 Nc7 27. h3 a5 28. Ne2 Ne6 29. Nd4 Ba4 30. b3 Bd7 31. b4 axb4 32. Qxb4 Qc7 33. Nb3 Rc2 34. Bxd5 Rxa2 35. Nd4 Ra5 36. Bxe6 Bxe6 37. Nxe6 fxe6 38. Qd6 Qc2 39. Qxe6+ Kh7 40. Qd6 Rf5 41. Qd2 Qc7 42. Qd3 g6 43. Qd7+ Rf7 44. Qxc7 Rxc7 45. Rb1 Rc6 46. h4 Kg7 47. f4 Kf6 48. Kf2 Ke6 49. Kf3 Kd6 50. g4 Kc7 51. Rb5 Rd6 52. h5 Kc6 53. Rb1 b5 54. hxg6 Rxg6 55. e4 Kc5 56. e5 b4 57. f5 Rb6 58. Ke4 b3 59. f6 Rb4+ 60. Kf5 Kd5 61. e6 Kd6 62. Rd1+ Kc7 63. e7 Rb8 64. f7 b2 65. e8Q 1-0

[Event "Belgrade-chTB Quality"]
[Site "Belgrade"]
[Date "2018.10.21"]
[Round "8.4"]
[White "Mijatovic, Dusan"]
[Black "Savkic, Igor"]
[Result "1-0"]
[WhiteElo "2134"]
[BlackElo "2015"]
[PlyCount "63"]
[EventDate "2018.09.29"]
[EventType "team-tourn"]
[EventRounds "11"]
[EventCountry "SRB"]
[SourceTitle "CBM 187 Extra"]
[Source "ChessBase"]
[SourceDate "2018.11.04"]
[SourceVersion "1"]
[SourceVersionDate "2018.11.04"]
[SourceQuality "1"]
[WhiteTeam "Belgrade EDB"]
[BlackTeam "Belgrade BASK"]
[WhiteTeamCountry "SRB"]
[BlackTeamCountry "SRB"]

1. e4 e5 2. Nf3 d5 3. exd5 e4 4. Qe2 Nf6 5. d3 Qxd5 6. Nbd2 Nc6 7. dxe4 Qh5 8. Qb5 Qg6 9. Ne5 a6 10. Nxg6 axb5 11. Nxh8 b4 12. Bc4 Be6 13. Bxe6 fxe6 14. Nb3 Nxe4 15. 0-0 Nf6 16. Re1 Nd8 17. Be3 Bd6 18. Bc5 Ke7 19. a3 bxa3 20. Rxa3 Rc8 21. Ra7 Nd7 22. Bxd6+ cxd6 23. Nd4 Kf6 24. Ra3 Ne5 25. Rh3 h6 26. f4 Nd7 27. Rg3 Nf8 28. c3 g6 29. f5 g5 30. fxe6 Rc7 31. e7 Rxe7 32. Rf3+ 1-0

[Event "Belgrade-chT"]
[Site "Belgrade"]
[Date "2017.10.15"]
[Round "5.4"]
[White "Savkic, Igor"]
[Black "Jevtic, Miroljub L"]
[Result "0-1"]
[WhiteElo "2028"]
[BlackElo "2005"]
[PlyCount "58"]
[EventDate "2017.10.01"]
[EventType "team-tourn"]
[EventRounds "11"]
[EventCountry "SRB"]
[SourceTitle "CBM 181 Extra"]
[Source "ChessBase"]
[SourceDate "2017.12.12"]
[SourceVersion "1"]
[SourceVersionDate "2017.12.12"]
[SourceQuality "1"]
[WhiteTeam "BASK"]
[BlackTeam "Vreoci Turbina"]
[WhiteTeamCountry "SRB"]
[BlackTeamCountry "SRB"]

1. e4 e5 2. Nf3 Nc6 3. Nc3 Bc5 4. Bb5 d6 5. d4 exd4 6. Nxd4 Bd7 7. Nf5 g6 8. Ng3 Ne5 9. f4 Ng4 10. Qxg4 c6 11. Qe2 cxb5 12. Nxb5 Qa5+ 13. Nc3 h5 14. Bd2 Bg4 15. Qd3 h4 16. Nge2 h3 17. g3 Bxe2 18. Qxe2 0-0-0 19. 0-0-0 Rh5 20. Kb1 Bb4 21. Nd5 Bxd2 22. Rxd2 Kb8 23. Rhd1 f5 24. e5 Re8 25. g4 Rh8 26. gxf5 gxf5 27. e6 Rh6 28. Qd3 Rhxe6 29. Qxf5 Qxd2 0-1

[Event "Belgrade-chT Quality"]
[Site "Belgrade"]
[Date "2016.10.27"]
[Round "11.3"]
[White "Nedeljkovic, Dragan"]
[Black "Savkic, Igor"]
[Result "1-0"]
[WhiteElo "2165"]
[BlackElo "2009"]
[PlyCount "44"]
[EventDate "2016.10.01"]
[EventType "team-tourn"]
[EventRounds "11"]
[EventCountry "SRB"]
[SourceTitle "EXT 2018"]
[Source "ChessBase"]
[SourceDate "2017.10.13"]
[SourceVersion "1"]
[SourceVersionDate "2017.10.13"]
[SourceQuality "1"]

1. e4 e5 2. Nf3 d5 3. exd5 e4 4. Qe2 Nf6 5. d3 Qxd5 6. Nbd2 Be7 7. dxe4 Qe6 8. g3 0-0 9. Bg2 Nbd7 10. 0-0 Re8 11. Ng5 Qe5 12. Ndf3 Qc5 13. Be3 Qb4 14. c3 Qa4 15. b3 Qa5 16. Qc4 Rf8 17. b4 Qa3 18. e5 b5 19. Qh4 h6 20. exf6 Bxf6 21. Qe4 hxg5 22. Qxa8 Bxc3 1-0

[Event "Belgrade-chT Quality"]
[Site "Belgrade"]
[Date "2016.10.02"]
[Round "2.2"]
[White "Cvetkovic, Gordan"]
[Black "Savkic, Igor"]
[Result "1/2-1/2"]
[WhiteElo "1850"]
[BlackElo "2009"]
[PlyCount "57"]
[EventDate "2016.10.01"]
[EventType "team-tourn"]
[EventRounds "11"]
[EventCountry "SRB"]
[SourceTitle "EXT 2018"]
[Source "ChessBase"]
[SourceDate "2017.10.13"]
[SourceVersion "1"]
[SourceVersionDate "2017.10.13"]
[SourceQuality "1"]

1. e4 e5 2. Nf3 d5 3. exd5 e4 4. Qe2 Nf6 5. d3 Qxd5 6. Nc3 Bb4 7. Bd2 Bxc3 8. Bxc3 0-0 9. dxe4 Nxe4 10. Qd3 Nxc3 11. bxc3 Re8+ 12. Be2 Qa5 13. 0-0 Nc6 14. Nd4 Nxd4 15. cxd4 Bf5 16. Qc4 Be6 17. Qd3 Rad8 18. Bf3 c6 19. Rab1 Re7 20. a3 Bf5 21. Qc4 Qd2 22. Qc5 Qg5 23. g4 g6 24. h4 Qxh4 25. gxf5 Rxd4 26. Rfe1 Rg4+ 27. Bxg4 Qxg4+ 28. Kf1 Qh3+ 29. Kg1 1/2-1/2

[Event "Belgrade Cup 16th"]
[Site "Belgrade"]
[Date "2016.05.10"]
[Round "2.4"]
[White "Mihajlovic, Miodrag"]
[Black "Savkic, Igor"]
[Result "1-0"]
[WhiteElo "2076"]
[BlackElo "2011"]
[PlyCount "79"]
[EventDate "2016.05.09"]
[EventType "team-swiss"]
[EventRounds "5"]
[EventCountry "SRB"]
[SourceTitle "CBM 172 Extra"]
[Source "ChessBase"]
[SourceDate "2016.06.21"]
[SourceVersion "1"]
[SourceVersionDate "2016.06.21"]
[SourceQuality "1"]
[WhiteTeam "Belgrade Radnicki"]
[BlackTeam "BASK"]
[WhiteTeamCountry "SRB"]
[BlackTeamCountry "SRB"]

1. Nf3 d5 2. g3 Nf6 3. Bg2 c5 4. d3 Nc6 5. 0-0 e5 6. c3 Bd6 7. a3 0-0 8. b4 a6 9. Bg5 h6 10. Bxf6 Qxf6 11. Nfd2 cxb4 12. axb4 Be6 13. Nb3 d4 14. Na5 Nxa5 15. bxa5 Rab8 16. cxd4 exd4 17. Nd2 Qe5 18. Nf3 Qf6 19. Qa4 Bc5 20. Rac1 Ba7 21. h3 Bd5 22. Nd2 Rfd8 23. Rc7 Qe5 24. Rfc1 Qxe2 25. Bxd5 Rxd5 26. Qc4 Rf5 27. Rc8+ Kh7 28. Ne4 Rf3 29. Qd5 Qxd3 30. h4 Qb3 31. Qh5 f6 32. Kg2 Rxc8 33. Rxc8 Qe6 34. Re8 Rf5 35. Qe2 Qc6 36. Kh2 Re5 37. Ng5+ Rxg5 38. hxg5 fxg5 39. Qd3+ Qg6 40. Rh8+ 1-0